000 00269nam a2200109Ia 4500
008 230907s9999||||xx |||||||||||||| ||und||
082 _a620.5
_bHIG
100 _aSeki, Shu,
_9115212
245 0 _aHigh-energy charged particles :
300 _ax, 74 pages :
942 _cBK
999 _c597858
_d597858